ბათუმის შოთა რუსთაველის სახელმწიფო უნივერსიტეტის ბიბლიოთეკა

აფორიზმები=Афоризмы (ბიბ.ჩანაწერი № 43296)

000 -LEADER
fixed length control field 00648nam a2200205Ia 4500
001 - CONTROL NUMBER
control field 10023
003 - CONTROL NUMBER IDENTIFIER
control field GE_BSU
008 - FIXED-LENGTH DATA ELEMENTS--GENERAL INFORMATION
fixed length control field 181216s||||||||xx |||||||||||||| ||und||
040 ## - CATALOGING SOURCE
Transcribing agency GE_BSU
080 ## - UNIVERSAL DECIMAL CLASSIFICATION NUMBER
Universal Decimal Classification number 821.353.1–84
100 ## - MAIN ENTRY--PERSONAL NAME
Personal name რუსთაველი,შოთა
245 ## - TITLE STATEMENT
Title აფორიზმები=Афоризмы
245 ## - TITLE STATEMENT
Statement of responsibility, etc. რედ.გ.ხოხნაული.მხატვ.თ.სამსონაძე
260 ## - PUBLICATION, DISTRIBUTION, ETC.
Place of publication, distribution, etc. თბილისი
260 ## - PUBLICATION, DISTRIBUTION, ETC.
Name of publisher, distributor, etc. ნაკადული
260 ## - PUBLICATION, DISTRIBUTION, ETC.
Date of publication, distribution, etc. 1966
300 ## - PHYSICAL DESCRIPTION
Extent 30გვ.ილ.17სმ.
653 ## - INDEX TERM--UNCONTROLLED
Uncontrolled term აფორიზმები=Афоризмы
942 ## - ADDED ENTRY ELEMENTS (KOHA)
Koha item type წიგნი
ეგზემპლარები
Withdrawn status Lost status Damaged status Not for loan Date acquired Barcode Date last seen Price effective from Koha item type
        2018-12-17 33450 2018-12-17 2018-12-17 წიგნი
        2018-12-17 33451 2018-12-17 2018-12-17 წიგნი
        2018-12-17 33452 2018-12-17 2018-12-17 წიგნი
        2018-12-17 33453 2018-12-17 2018-12-17 წიგნი
        2018-12-17 33454 2018-12-17 2018-12-17 წიგნი
        2018-12-17 33455 2018-12-17 2018-12-17 წიგნი